Manumit (Record no. 18377)

000 -LEADER
fixed length control field 00383nam a22001337a 4500
008 - FIXED-LENGTH DATA ELEMENTS--GENERAL INFORMATION
fixed length control field 231121b xxu||||| |||| 00| 0 eng d
082 ## - DEWEY DECIMAL CLASSIFICATION NUMBER
Classification number Prom 001
Item number 2023 c.1
245 ## - TITLE STATEMENT
Title Manumit
300 ## - PHYSICAL DESCRIPTION
Extent vol. 2,
Other physical details various pagings : illustrations ;
Dimensions 21 cm.
310 ## - CURRENT PUBLICATION FREQUENCY
Current publication frequency annually.
650 ## - SUBJECT ADDED ENTRY--TOPICAL TERM
Source of heading or term Promethean
Form subdivision Cagayan State University
General subdivision Publications
700 ## - ADDED ENTRY--PERSONAL NAME
Personal name Graneta, Diana
942 ## - ADDED ENTRY ELEMENTS (KOHA)
Source of classification or shelving scheme
Item type Serials
Holdings
Price effective from Permanent location Date last seen Not for loan Date acquired Source of classification or shelving scheme Koha item type Lost status Withdrawn status Source of acquisition Date last borrowed Total Checkouts Collection code Damaged status Barcode Shelving location Current location Full call number
2023-11-21Cagayan State University - Carig Library2025-10-16 2023-11-21 Continuing Resources  School2025-10-162Serials PROM0012023C1SerialsCagayan State University - Carig LibraryProm 001 2023 c.1
2023-11-21Cagayan State University - Carig Library2025-10-29 2023-11-21 Continuing Resources  School2025-10-162Serials PROM0012023C2SerialsCagayan State University - Carig LibraryProm 001 2023 c.2
2023-11-21Cagayan State University - Carig Library2024-02-22 2023-11-21 Continuing Resources  School2024-02-213Serials PROM0012023C3SerialsCagayan State University - Carig LibraryProm 001 2023 c.3
2023-11-21Cagayan State University - Carig Library2024-10-22 2023-11-21 Continuing Resources  School2024-10-223Serials PROM0012023C4SerialsCagayan State University - Carig LibraryProm 001 2023 c.4
2023-11-21Cagayan State University - Carig Library2023-11-21 2023-11-21 Continuing Resources  School  Serials PROM0012023C5SerialsCagayan State University - Carig LibraryProm 001 2023 c.5
2023-11-21Cagayan State University - Carig Library2025-03-06 2023-11-21 Serials  School2025-03-064Serials PROM0012023C6SerialsCagayan State University - Carig LibraryProm 001 2023 c.6
2023-11-21Cagayan State University - Carig Library2023-11-21 2023-11-21 Continuing Resources  School  Serials PROM0012023C7SerialsCagayan State University - Carig LibraryProm 001 2023 c.7
2023-11-21Cagayan State University - Carig Library2023-11-21 2023-11-21 Continuing Resources  School  Serials PROM0012023C8SerialsCagayan State University - Carig LibraryProm 001 2023 c.8
2023-11-21Cagayan State University - Carig Library2025-08-29 2023-11-21 Continuing Resources  School2025-08-283Serials PROM0012023C9SerialsCagayan State University - Carig LibraryProm 001 2023 c.9
2023-11-21Cagayan State University - Carig Library2023-11-21 2023-11-21 Continuing Resources  School  Serials PROM0012023C10SerialsCagayan State University - Carig LibraryProm 001 2023 c.10
2023-11-21Cagayan State University - Carig Library2024-03-05 2023-11-21 Serials  School2024-03-052Serials PROM0012023C11SerialsCagayan State University - Carig LibraryProm 001 2023 c.1
2023-11-21Cagayan State University - Carig Library2023-11-21 2023-11-21 Serials  School  Serials PROM0012023C12SerialsCagayan State University - Carig LibraryProm 001 2023 c.1
2023-11-21Cagayan State University - Carig Library2024-10-08 2023-11-21 Serials  School2024-10-083Serials PROM0012023C13SerialsCagayan State University - Carig LibraryProm 001 2023 c.1
2023-11-21Cagayan State University - Carig Library2024-08-29 2023-11-21 Serials  School2024-08-291Serials PROM0012023C14SerialsCagayan State University - Carig LibraryProm 001 2023 c.1
2023-11-21Cagayan State University - Carig Library2024-08-20 2023-11-21 Serials  School2024-08-202Serials PROM0012023C15SerialsCagayan State University - Carig LibraryProm 001 2023 c.1
2023-11-21Cagayan State University - Carig Library2024-09-09 2023-11-21 Serials  School2024-09-094Serials PROM0012023C16SerialsCagayan State University - Carig LibraryProm 001 2023 c.1
2023-11-21Cagayan State University - Carig Library2023-11-22 2023-11-21 Continuing Resources  School  Serials PROM0012023C17SerialsCagayan State University - Carig LibraryProm 001 2023 c.17
2023-11-23Cagayan State University - Carig Library2024-08-20 2023-11-23 Continuing Resources  School2024-08-203Serials PROM0012023C18SerialsCagayan State University - Carig LibraryProm 001 2023 c.18

Cagayan State University University Library, Carig Campus
Tuguegarao City, Cagayan 3500 | www.csucarig.edu.ph

Powered by Koha